The practicing church. (Record no. 9014)

000 -LEADER
fixed length control field 00538nam a2200181 a 4500
001 - CONTROL NUMBER
control field :::00006795$&:&@@
003 - CONTROL NUMBER IDENTIFIER
control field OkBaRHE
005 - DATE AND TIME OF LATEST TRANSACTION
control field 20000607103333.0
008 - FIXED-LENGTH DATA ELEMENTS--GENERAL INFORMATION
fixed length control field s1981 j 000 0 eng u
040 ## - CATALOGING SOURCE
Transcribing agency
100 1# - MAIN ENTRY--PERSONAL NAME
Personal name Roberts, Donald Llewellyn.
245 14 - TITLE STATEMENT
Title The practicing church.
260 ## - PUBLICATION, DISTRIBUTION, ETC. (IMPRINT)
Place of publication, distribution, etc Harrisburg, PA., :
Name of publisher, distributor, etc Christian Publications, Inc.
Date of publication, distribution, etc c1981
300 ## - PHYSICAL DESCRIPTION
Extent 144 p. ;
Dimensions 18 cm.
650 ## - SUBJECT ADDED ENTRY--TOPICAL TERM
Topical term or geographic name as entry element Church
942 ## - ADDED ENTRY ELEMENTS (KOHA)
Source of classification or shelving scheme
Koha item type Books
Copies
Shelving location Withdrawn status Permanent Location Date last seen Date acquired Koha item type Lost status Price effective from Source of classification or shelving scheme Copy number Not for loan Barcode Damaged status Full call number
General Stacks RHEMA Bible Training College2010-04-142010-04-14Books 2010-04-14 1 6795 BV 600 .R6